000
00273nam a22001097a 4500
008
170123b xxu||||| |||| 00| 0 eng d
020
_a
9780781772471`
041
_a
eng
080
_2
4TH
_a
618.2
245
_a
INTRODUCTION TO COMMUNITY-BASED NURSING
_c
HUNT, R
942
_2
udc
_c
BK
999
_c
3390
_d
3390